000 00737nam a2200253 u 4500
005 20240806064037.0
008 120914s2011 mx r 000 0 spa d
020 _a9700751155
035 _aUPN01000186585
049 _aCG
050 4 _aPS1017 A4
_bM8 2011
100 1 _aAlcott, Louisa May,
_d1832-1888
_930509
245 1 0 _aMujercitas ;
_bMás cosas de mujercitas /
_cLouisa M. Alcott.
250 _a16a ed.
260 _aMéxico :
_bPorrúa,
_c2011.
300 _a422 p.
440 0 _aSepan cuantos ;
_v126
650 4 _aLiteratura estadounidense
_95229
650 0 _aValores en la literatura
_912441
650 4 _aRelaciones de familia
_96077
740 0 _aMás cosas de mujercitas
905 _aLibro
999 _c158688
_d158688